Современные информационные технологии в маркетинге; Энергия молодых - экономике России; [Ч. 1]

Bibliografiske detaljer
Parent link:Энергия молодых - экономике России: труды VIII Международной научно-практической конференции студентов и молодых ученых, г. Томск, 19-22 марта 2007 г./ Томский политехнический университет (ТПУ) ; Вольное экономическое общество России (ВЭО России) ; Международный союз экономистов (МСЭ).— , 2007
[Ч. 1].— 2007.— С. 376-377
Hovedforfatter: Юсубова Л. М.
Andre forfattere: Косов В. Б. Владимир Борисович (научный руководитель)
Sprog:russisk
Udgivet: 2007
Fag:
Format: MixedMaterials Book Chapter
KOHA link:https://koha.lib.tpu.ru/cgi-bin/koha/opac-detail.pl?biblionumber=132917

MARC

LEADER 00000naa2a2200000 4500
001 132917
005 20231031135139.0
035 |a (RuTPU)RU\TPU\book\143930 
090 |a 132917 
100 |a 20080311d2007 k y0rusy50 ca 
101 0 |a rus 
102 |a RU 
200 1 |a Современные информационные технологии в маркетинге  |f Л. М. Юсубова  |g науч. рук. В. Б. Косов 
320 |a Библиогр.: 2 назв. 
461 0 |0 (RuTPU)RU\TPU\book\169966  |t Энергия молодых - экономике России  |o труды VIII Международной научно-практической конференции студентов и молодых ученых, г. Томск, 19-22 марта 2007 г.  |f Томский политехнический университет (ТПУ) ; Вольное экономическое общество России (ВЭО России) ; Международный союз экономистов (МСЭ)  |d 2007 
463 0 |0 (RuTPU)RU\TPU\book\136477  |t [Ч. 1]  |v С. 376-377  |d 2007 
610 1 |a информационные технологии 
610 1 |a маркетинг 
610 1 |a бизнес 
610 1 |a фирмы 
610 1 |a управление 
610 1 |a CRM 
610 1 |a системы 
610 1 |a информация 
610 1 |a рынок 
610 1 |a маркетинговые программы 
610 1 |a труды учёных ТПУ 
700 1 |a Юсубова  |b Л. М. 
702 1 |a Косов  |b В. Б.  |c экономист  |c старший преподаватель Томского политехнического университета  |f 1954-  |g Владимир Борисович  |2 stltpush  |3 (RuTPU)RU\TPU\pers\27888  |4 727 
801 1 |a RU  |b 63413507  |c 20080311  |g PSBO 
801 2 |a RU  |b 63413507  |c 20161007  |g RCR 
942 |c BK